000 00721nam a22002417a 4500
003 UA-OsUOA
001 124609
007 ta
008 20170817b un ||||| |||| 00| 0 ukr d
100 _aШелест П.
090 _a94(477):82-94
_bШ42
942 _cBK
040 _aUA-OsUOA
_bukr
_cUA-OsUOA
_dUA-OsUOA
245 _aСправжній суд історії ще попереду
_bспогади, щоденники, документи, матеріали
300 _a808 с.
955 _a1
041 _aukr
080 _a94(477):82-94
020 _a966-504-341-2
260 _aК.
_bГенеза
_c2003
650 7 _a9 Географія. Біографії. Історія
_2UDC
999 _c411737
_d411737